El retorno del mito : la racionalidad mito-simbólica /
Estudio sobre el mito y el símbolo, cuyo autor indaga a qué responde la necesidad de visiones totalizantes en un contexto de predominio de la fragmentación y la funcionalidad, como lo son las culturas occidentales de fines del siglo XX: si se trata de un fenómeno de coyuntura o es constitutivo o si...
Zapisane w:
| 1. autor: | |
|---|---|
| Format: | Książka |
| Język: | hiszpański |
| Wydane: |
Madrid, España :
Síntesis,
2000, c2000
|
| Seria: | (Filosofía. Hermeneia ;
9) |
| Hasła przedmiotowe: | |
| Etykiety: |
Nie ma etykietki, Dołącz pierwszą etykiete!
|
MARC
| LEADER | 00000nam^a2200000^a^4500 | ||
|---|---|---|---|
| 001 | 000138297 | ||
| 005 | 20250521000000.0 | ||
| 009 | 20260310095425.407 | ||
| 020 | |a 84-7738-726-5 | ||
| 037 | |a Acervo ITESO - Biblioteca | ||
| 041 | |a ESP | ||
| 082 | |a 306. 4 |b MAR | ||
| 100 | |a Mardones, José María |e (autor) | ||
| 245 | 1 | 3 | |a El retorno del mito : |b la racionalidad mito-simbólica / |c J.M. Mardones. |
| 264 | 4 | |a Madrid, España : |b Síntesis, |c 2000, c2000 | |
| 300 | |a 205 p. | ||
| 336 | |a texto |b txt |2 rdacontenido | ||
| 337 | |a sin mediación |b n |2 rdamedio | ||
| 338 | |a volumen |b nc |2 rdasoporte | ||
| 440 | 1 | |a (Filosofía. |p Hermeneia ; |v 9) | |
| 520 | |a Estudio sobre el mito y el símbolo, cuyo autor indaga a qué responde la necesidad de visiones totalizantes en un contexto de predominio de la fragmentación y la funcionalidad, como lo son las culturas occidentales de fines del siglo XX: si se trata de un fenómeno de coyuntura o es constitutivo o si es una manifestación arcaica de una forma de pensamiento superior o pertenece a la raíz de la razón misma. El objetivo es reflexionar sobre las deficiencias y unilateralidades de la razón moderna, como una necesidad de ampliarla e integrarla, con el fin de que sea razonable y humana. | ||
| 649 | |a XX | ||
| 650 | |a Mitología | ||
| 650 | |a Simbolismo | ||
| 650 | |a Razonamiento Lógico | ||
| 650 | |a Religión | ||
| 650 | |a Modernidad y Posmodernidad | ||
| 650 | |a Psicología | ||
| 650 | |a Sociología del Conocimiento | ||
| 650 | |a Sociología de la Religión | ||
| 650 | |a Sociología de la Cultura - |x Tema Principal | ||
| 650 | |a Filosofía del Siglo XX | ||
| 650 | |a Occidente - |x Condiciones Sociales y Culturales | ||
| 910 | |a Fondo General | ||
| 920 | |a Impresos - Libros | ||
| 930 | |a Colección General | ||
| 905 | |a 101 | ||
| 901 | |a 0500066809 |b IT1 |c ACC |u 20250521 | ||
| 901 | |a 0500097945 |b IT1 |c ACC |u 20250521 | ||
| 902 | |a https://opac.biblio.iteso.mx/vufind/Record/000138297 | ||